| 000 | 00410cam a2200157ua 4500 | ||
|---|---|---|---|
| 020 | _a0 7131 34275 | ||
| 041 |
_aeng _h |
||
| 082 |
_a620.1064 _bSHA/WA |
||
| 100 | _aShamp, B B . | ||
| 245 |
_aWater hammer : problems and solutions / _cB B Shamp. _hTextual Documents |
||
| 260 |
_aLondon : _bEdward Arnold Publications Ltd , _c1981. |
||
| 300 | _a144 ; . | ||
| 504 | _a | ||
| 942 | _cBK | ||
| 999 |
_c9310 _d9310 |
||